| 000 | 00610nas a2200229 4500 | ||
|---|---|---|---|
| 001 | BR8804371 | ||
| 003 | BR-BrBNA | ||
| 005 | 20231205091234.0 | ||
| 007 | ta | ||
| 008 | 230509b bl.|||p| |||| 00| 00por d | ||
| 040 |
_aBR-BrBNA _bpor _cBiblioteca Nacional de Agricultura |
||
| 041 | _a(Pt) | ||
| 072 | _aL73 | ||
| 100 | 1 | _aAnon. | |
| 245 | 1 | _aBotulismo | |
| 650 | _aBOTULISMO | ||
| 650 | _aERRADICACAO | ||
| 650 | _aREBANHO | ||
| 773 | 0 |
_tRevista dos Criadores (Brazil) _xISSN 0034-9259 _g(Jan 1987), v. 56(684) p. 38-40 _wBR8804371 |
|
| 909 |
_a202311 _bLúcia _c55 _dLúcia Elande |
||
| 942 |
_2AGRIS _n0 _cANA |
||
| 999 |
_c123778 _d123778 |
||